|
|
|
|
| LEADER |
00958nam a22002537a 4500 |
| 001 |
42285 |
| 003 |
BD-DhAAL |
| 005 |
20240213165352.0 |
| 008 |
240213t1993 bg ||||| |||| 001 0 eng d |
| 020 |
|
|
|a 9840512064
|
| 040 |
|
|
|a BD-DhAAL
|d BD-DhAAL
|
| 082 |
|
|
|a 320.95492
|2 21
|
| 100 |
|
|
|a Sobhan, Rehman.
|
| 245 |
|
|
|a Bangladesh, problems of governance /
|c Rehman Sobhan.
|
| 264 |
|
|
|a Dhaka :
|b University press limited,
|c 1993
|
| 300 |
|
|
|a xii, 295 pages ;
|c 22 cm.
|
| 490 |
|
|
|a Governing South Asia ;
|v 1
|
| 500 |
|
|
|a "Under the auspices of Centre for Policy Research, New Delhi."
|
| 504 |
|
|
|a Includes bibliographical references and index.
|
| 650 |
|
|
|a Democracy
|z Bangladesh.
|
| 651 |
|
|
|a Bangladesh
|x Politics and government
|y 1971-
|
| 942 |
|
|
|2 ddc
|c BK
|
| 999 |
|
|
|c 46403
|d 46403
|
| 952 |
|
|
|0 0
|1 0
|2 ddc
|4 0
|6 320_954920000000000_SOB
|7 0
|9 75136
|a BRACUL
|b BRACUL
|c GEN
|d 2024-02-13
|e Donated By Rebecca Dipa Khan
|l 0
|o 320.95492 SOB
|p 3010042285
|r 2024-02-13
|w 2024-02-13
|y BK
|